Pays avec eau potable du robinet - Statistiques

Statistiques générales
  • Ce quiz a été pris 113 fois
  • Le résultat moyen est 28 sur 36
Statistiques - réponses
Pays % Correct
France
97%
États-Unis
94%
Allemagne
93%
Espagne
93%
Italie
91%
Canada
90%
Portugal
90%
Royaume-Uni
90%
Suède
90%
Danemark
88%
Finlande
88%
Norvège
88%
Belgique
87%
Japon
87%
Irlande
86%
Pologne
85%
Suisse
85%
Andorre
82%
Australie
82%
Grèce
82%
Islande
81%
Luxembourg
80%
Monaco
78%
Autriche
76%
Pays-Bas
75%
Liechtenstein
72%
Corée du Sud
71%
Nouvelle-Zélande
69%
Vatican
69%
République Tchèque
68%
Saint-Marin
67%
Slovénie
67%
Malte
60%
Singapour
37%
Israël
32%
Brunei
13%
Aucun quiz correspondant
Distribution des résultats
% des personnes avec chaque résultat
Percentile par nombre de réponses
Votre historique - résultats
Vous n’avez pas pris ce quiz